UBT Library

The gunfighter's apprentice / (Record no. 1008)

000 -LEADER
fixed length control field 00463nam a22001697a 4500
008 - FIXED-LENGTH DATA ELEMENTS--GENERAL INFORMATION
fixed length control field 150609b xxu||||| |||| 00| 0 eng d
041 0# - LANGUAGE CODE
Language code of text/sound track or separate title eng
080 ## - UNIVERSAL DECIMAL CLASSIFICATION NUMBER
Universal Decimal Classification number 355.014
100 ## - Rafti
Rafti Drake, Jerry S.
245 00 - TITLE STATEMENT
Title The gunfighter's apprentice /
Statement of responsibility, etc Jerry S. Drake.
260 ## -
-- New York :
-- Avalon Books,
-- c2006.
300 ## -
-- 214 f. ;
-- me il. ;
-- 20 cm.
505 ## -
-- Index: f. 236-238
650 #0 -
-- The gunfighters
650 #0 -
-- Luftërat më arme
942 ## - ADDED ENTRY ELEMENTS (KOHA)
Source of classification or shelving scheme
Item type Books
Holdings
Withdrawn status Lost status Source of classification or shelving scheme Damaged status Not for loan Collection code Permanent location Current location Shelving location Date acquired Total Checkouts Full call number Date last seen Price effective from Koha item type
          Koleksioni i përgjithshem UBT - Lipjan UBT - Lipjan Koleksioni i përgjithshem 06/09/2015   355.014 GUN 06/09/2015 06/09/2015 Books
UBT Library © 2015-2024. All rights reserved University Education for Business and Technology